Statistics for United States Armed Forces Firearms Quiz

Click here to take the quiz!

General Stats

  • This quiz has been taken 603 times
  • The average score is 11 of 15

Answer Stats

HintAnswer% Correct
Iconic .45 ACP HandgunM1911
98%
Carbine; shortened M16M4 Carbine / M4A1 / CQBR
95%
Initially thought so futuristic that it needed not to be cleanedM16
94%
.45 ACP Sub-machine gun; adopted in 1938; "Gangster Gun"M1 Thompson Submachine Gun
91%
9mm sidearm issued in 1980sM9
81%
.50 BMG anti-materiel rifleM82 / M107
78%
Improved M1 Garand; detachable magazineM14
77%
"The greatest battle implement ever devised" - George S. PattonM1 Garand
77%
Bonnie and ClydeBrowning Automatic Rifle
75%
US bolt action rifle during WW1 and WW2M1903
74%
US adaptation of the Belgian FN Minimi LMG; 5.56x45mm NATOM249 Squad Automatic Weapon
70%
Current M16 variant in service with the USMCM16A4
64%
A GPMG named as "The Pig" due to its sizeM60
61%
Rifle entered service in 1980s; capable of semi/burst fireM16A2
53%
USMC Modified Remington 700 Sniper RifleM40 / A1 / A3 / A5
38%

Score Distribution

Percentile by Number Answered

Percent of People with Each Score

Your Score History

You have not taken this quiz